000 00271nam a22001217a 4500
008 181015b xxu||||| |||| 00| 0 eng d
041 _aeng
080 _a101
100 _a24
101 _aFIL
245 _aPhilosophy Of Recent Times
_cJames.B.H
942 _2udc
_cBK
999 _c49705
_d49705